1645 1550 1125 1008 1426 1300 1231 1863 1787 1221 1299 1323 1780 1438 1501 1711 1241 1200 1428 1023 1890 1778 1883 1396 1814 1432 1940 1940 1635 1342 1124 1282 1312 1732 1691 1593 1078 1701 1011 1631 1713 1937 1817 1372 1255 1588 1766 1746 1353 1818 1232 1625 1782 1272 1421 1618 1966 1788 1431 1234 1873 1065 1694 1716 1288 1091 1945 1831 1040 1519 1005 1597 1691 1754 1544 1808 1811 1054 1684 1551 1304 1492 1357 1975 1425 1861 1630 1402 1843 1443 1143 1803 1124 1458 1628 1781 1651 1180 1596 BCNSPRNW ULIB Ver.6.0+V

เปลี่ยนเป็นภาษาไทย

Change to English
 แสดงรายละเอียดบรรณานุกรม
  กลับหน้าหลัก

Brief Record : Get Marc (ISO 2709) : E-mail record : QR code < ปิดหน้าต่าง
LEADER : 00000nam 2200000uu 4500
001    13399110136
003     ULIB
008    110422s2552||||th 000 0 tha d
024    9786110600866
090    นว^bส966P 2552
100 0  แสตมป์เบอร์รี่
245     Psycho & the zist จังหวะรักร้ายหวานใจเจ้าเสน่ห์^cแสตมป์เบอร์รี่
260    กรุงเทพฯ:^bแจ่มใส,^c2552
300    210 หน้า
945    ^p159^l0^i029995
995    เกษร
999     ^aใช้งานได้ทุกระบบ
รายการนี้ยังไม่มีแท็ก
คุณยังไม่ได้ล็อกอิน คุณสามารถมีกิจกรรมร่วมกับเว็บไซต์ได้ แต่ต้องล็อกอินก่อน ::
  ล็อกอิน

รายการสื่อสารสนเทศ

ลำดับที่ ประเภท เลขเรียก/บาร์โค้ด สถานที่ สถานะ
1. นวนิยาย
นวนิยาย
นว ส966P 2552  
  Barcode: 029995
ห้องสมุดวิทยาเขตสวรรค์ประชารักษ์
►นวนิยาย
บนชั้น
  ขอยืม

BibComment


ยังไม่เคยถูกคอมเมนท์

คอมเมนท์ทรัพยากรรายการนี้
  คอมเมนท์: Psycho the zist..


 Copyright 2026. Bcnsprnw @Library